[Event "Ivy League Challenge 2nd"]
[Site "Toronto"]
[Date "2019.11.10"]
[Round "5.2"]
[White "Lin, Juntong"]
[Black "Ram, Vishwanathan"]
[Result "1-0"]
[WhiteElo "1920"]
[BlackElo "1922"]
[PlyCount "71"]
[EventDate "2019.11.08"]
[EventType "team-tourn"]
[EventRounds "5"]
[EventCountry "CAN"]
[SourceTitle "CBM 193 Extra"]
[Source "ChessBase"]
[SourceDate "2020.01.31"]
[SourceVersion "1"]
[SourceVersionDate "2020.01.31"]
[SourceQuality "1"]
[WhiteTeam "Toronto Univ II"]
[BlackTeam "Yale University"]
[WhiteTeamCountry "CAN"]
[BlackTeamCountry "USA"]

1. d4 d5 2. c4 e6 3. Nc3 Nf6 4. Nf3 c6 5. e3 Nbd7 6. Bd3 dxc4 7. Bxc4 b5 8. Bd3 a6 9. 0-0 c5 10. Qe2 Bb7 11. Rd1 Qc7 12. a3 Bd6 13. dxc5 Qxc5 14. e4 Bc7 15. Be3 Qh5 16. Rac1 Rc8 17. a4 bxa4 18. Bxa6 Bxa6 19. Qxa6 0-0 20. Nxa4 Ne5 21. Nxe5 Qxe5 22. g3 Ra8 23. Qc4 Ng4 24. Bd4 Qxe4 25. Bxg7 Rxa4 26. Qxe4 Rxe4 27. Bxf8 Kxf8 28. Rxc7 Re2 29. b4 Nxf2 30. Kf1 Rb2 31. Rdd7 Ng4 32. Rxf7+ Ke8 33. Rxh7 Nxh2+ 34. Ke1 Nf3+ 35. Kd1 Kd8 36. Ra7 1-0

[Event "Ivy League Challenge 2nd"]
[Site "Toronto"]
[Date "2019.11.09"]
[Round "3.2"]
[White "Zhong, Howard"]
[Black "Ram, Vishwanathan"]
[Result "1/2-1/2"]
[WhiteElo "2024"]
[BlackElo "1922"]
[PlyCount "106"]
[EventDate "2019.11.08"]
[EventType "team-tourn"]
[EventRounds "5"]
[EventCountry "CAN"]
[SourceTitle "CBM 193 Extra"]
[Source "ChessBase"]
[SourceDate "2020.01.31"]
[SourceVersion "1"]
[SourceVersionDate "2020.01.31"]
[SourceQuality "1"]
[WhiteTeam "Massachusetts IT"]
[BlackTeam "Yale University"]
[WhiteTeamCountry "USA"]
[BlackTeamCountry "USA"]

1. d4 d5 2. c4 e6 3. Nc3 Nf6 4. cxd5 exd5 5. Bg5 c6 6. Qc2 Be7 7. e3 0-0 8. Bd3 Nbd7 9. Nge2 Re8 10. f3 h6 11. Bh4 c5 12. 0-0 b6 13. Rad1 Bb7 14. Rfe1 a6 15. Bf2 Qc7 16. Bg3 Qc6 17. Kh1 Rad8 18. Bf5 g6 19. Bh3 Nh5 20. Bf2 Ndf6 21. g4 Ng7 22. Nf4 Ne6 23. Nd3 Bd6 24. Bg2 cxd4 25. exd4 Nf4 26. Bh4 g5 27. Bg3 Nxd3 28. Qxd3 Bxg3 29. hxg3 Kg7 30. Re5 Re6 31. Rde1 Rde8 32. Qd1 Nd7 33. Rxe6 Rxe6 34. f4 Rxe1+ 35. Qxe1 Qe6 36. Qf2 Nf6 37. fxg5 Nxg4 38. Qd2 Qe3 39. gxh6+ Kxh6 40. Qxe3+ Nxe3 41. Bf3 Kg5 42. Kg1 Nf5 43. Bxd5 Bxd5 44. Nxd5 Nxg3 45. Nxb6 Ne2+ 46. Kf2 Nxd4 47. b4 Kf4 48. Nd5+ Ke4 49. Nc7 Nc2 50. Nxa6 Na3 51. Nc5+ Kd4 52. Ke2 Kc4 53. Nd3 Nc2 1/2-1/2

[Event "Ivy League Challenge"]
[Site "Toronto"]
[Date "2018.11.10"]
[Round "3.3"]
[White "Ram, Vishwanathan"]
[Black "Lei, Sean"]
[Result "1/2-1/2"]
[WhiteElo "1893"]
[BlackElo "1876"]
[PlyCount "113"]
[EventDate "2018.11.09"]
[EventType "team-tourn"]
[EventRounds "5"]
[EventCountry "CAN"]
[SourceTitle "CBM 187 Extra"]
[Source "ChessBase"]
[SourceDate "2018.11.04"]
[SourceVersion "1"]
[SourceVersionDate "2018.11.04"]
[SourceQuality "1"]
[WhiteTeam "Yale University"]
[BlackTeam "Toronto Univ"]
[WhiteTeamCountry "USA"]
[BlackTeamCountry "CAN"]

1. e4 d6 2. d4 Nf6 3. Nc3 Nbd7 4. Nf3 e5 5. Bc4 Be7 6. 0-0 0-0 7. Re1 c6 8. a4 b6 9. h3 a6 10. Ba2 Qc7 11. Be3 exd4 12. Nxd4 Nc5 13. Qf3 Be6 14. b4 Bxa2 15. Rxa2 Ne6 16. Nf5 Rfe8 17. a5 b5 18. Bb6 Qb7 19. Qd3 d5 20. exd5 cxd5 21. Rb2 Rac8 22. Ne2 Bf8 23. Rbb1 Nd7 24. Bd4 Nxd4 25. Nfxd4 Ne5 26. Qg3 Nc4 27. Nf4 Nd2 28. Nh5 Ne4 29. Qg4 Kh8 30. Re3 g6 31. Nf4 Bg7 32. Rd1 f5 33. Qe2 Rc4 34. Nde6 Nc3 35. Rxc3 Bxc3 36. Qf3 Be5 37. g3 Re4 38. Nc5 Qc6 39. Nxd5 Rd4 40. Rxd4 Bxd4 41. Nb3 Bg7 42. Kg2 Qxc2 43. Nc5 Qd2 44. Nc7 Rd8 45. N7e6 Qxb4 46. Qb7 Rg8 47. Qxa6 Bc3 48. Qd6 Qxa5 49. Ng5 Qa8+ 50. Kh2 Qe8 51. Nce6 Bf6 52. Qc7 Rg7 53. Nxg7 Bxg7 54. h4 h6 55. Nh3 Kh7 56. Qb6 Be5 57. Qb7+ 1/2-1/2

[Event "Ivy League Challenge"]
[Site "Toronto"]
[Date "2018.11.09"]
[Round "2.1"]
[White "Heimann, Mark A"]
[Black "Ram, Vishwanathan"]
[Result "1-0"]
[WhiteElo "2368"]
[BlackElo "1893"]
[PlyCount "119"]
[EventDate "2018.11.09"]
[EventType "team-tourn"]
[EventRounds "5"]
[EventCountry "CAN"]
[SourceTitle "EXT 2022"]
[Source "ChessBase"]
[SourceDate "2021.10.06"]
[SourceVersion "1"]
[SourceVersionDate "2021.10.06"]
[SourceQuality "1"]
[WhiteTeam "Michigan Univ"]
[BlackTeam "Yale University"]
[WhiteTeamCountry "USA"]
[BlackTeamCountry "USA"]

1. e4 c5 2. Nf3 Nc6 3. d4 cxd4 4. Nxd4 Nf6 5. Nc3 d6 6. Nb3 g6 7. Be2 Bg7 8. 0-0 0-0 9. Be3 Be6 10. Qd2 a5 11. Nd4 Nxd4 12. Bxd4 Nd7 13. Bxg7 Kxg7 14. Nd5 Bxd5 15. Qxd5 Qb6 16. Qb5 Qxb5 17. Bxb5 Nc5 18. a4 Rac8 19. Rfe1 Ne6 20. c3 Rc5 21. Rad1 Rfc8 22. g3 h5 23. h4 g5 24. hxg5 Rxg5 25. Rd5 Rc5 26. Rxg5+ Rxg5 27. Kh2 Kf6 28. Kh3 Rc5 29. Re3 Nc7 30. Be2 Ne8 31. f4 Ng7 32. b4 axb4 33. cxb4 Rc1 34. a5 e5 35. Rd3 exf4 36. Rxd6+ Ne6 37. Rb6 fxg3 38. Kxg3 Rc7 39. Bxh5 Ke5 40. Rb5+ Kd4 41. e5 Rc3+ 42. Kh4 Nd8 43. Kg5 Rc7 44. Kf6 Kc4 45. Be2+ Kb3 46. Bf3 Kc4 47. Rb6 Rd7 48. Bxb7 Nxb7 49. a6 Nd8 50. Rd6 Ra7 51. Rxd8 Kxb4 52. Rf8 Kc5 53. Rxf7 Rxa6+ 54. e6 Kd6 55. Rd7+ Kc6 56. Rd1 Ra2 57. Kf7 Rf2+ 58. Ke8 Re2 59. e7 Kc7 60. Rc1+ 1-0